000
00254nam a22001217a 4500
008
181016b xxu||||| |||| 00| 0 eng d
041
_a
eng
080
_2
9 ed
_a
573
100
_a
11
101
_a
bio
245
_a
Biology
_c
Mader.S.S
942
_2
udc
_c
BK
999
_c
49908
_d
49908